000 01869nam a22002657a 4500
999 _c4465
_d4465
003 DO-SdBJH
005 20191113215410.0
008 180725b ||||| |||| 00| 0 spa d
040 _aDO-SdBJH
_bspa
_cDO-SdBJH
090 _aTG EGDC
_b01176 2017
100 1 _aFernández Jiménez, Paula Manuela
_esustentante
245 1 0 _aAportes del Cuerpo Especializado en Seguridad Turística (CESTUR) al turismo de la zona colonial, República Dominicana (2013-2016) /
_cPaula Manuela Fernández Jiménez, asesores Luis Ramón Cruz Holguín, Fanny Torres Rosario
260 _aSanto Domingo :
_bINSUDE,
_c2017
300 _axiv, 73 páginas, ilustraciones-cuadros-gráficos-láminas
502 _aTesis (Especialidad en Comando y Estado Mayor Conjunto) -- Instituto Superior para la Defensa (INSUDE). – Escuela de Graduados de Doctrina Conjunta “General de División Gregorio Luperón” 2017.
504 _a Incluye referencias bibliográficas e índices
505 _aOrigen y evolución del Cuerpo Especializado de Seguridad Turistica (CESTUR). -- Contexto general de la zona colonial Santo Domingo y sus principales características. -- Retos que enfrenta el Cuerpo Especializado en Seguridad Turística de la zona colonial. -- Resultados de las operaciones ejecutadas por el Cuerpo Especializado en Seguridad Turística (CESTUR) para el turismo de la zona colonial
650 4 _aCuerpo Especializado de Seguridad Turística (CESTUR) -- Zona colonial
650 4 _aSeguridad turística zona colonial -- Aporte de CESTUR
651 4 _aRepública Dominicana. Ejército -- Seguridad turística
700 1 _aCruz Holguín, Luis Ramón
_easesor
700 1 _aTorres Rosario, Fanny
_easesor
830 _aINSUDE. Escuela de Graduados de Doctrina Conjunta “General de División Gregorio Luperón” 2017. Tesis y disertaciones académicas
942 _2ddc
_cT